| 000 | 00933nam a2200277Ia 4500 | ||
|---|---|---|---|
| 003 | OSt | ||
| 005 | 20221005104418.0 | ||
| 006 | a|||||r|||| 00| 0 | ||
| 007 | ta | ||
| 008 | 221004b |||||||| |||| 00| 0 hin d | ||
| 020 | _a812631284x (hbk) | ||
| 024 | _a26453 | ||
| 037 |
_bGift, 05/05/2016, _cTextual |
||
| 040 |
_aCRL _cCRL _bhin |
||
| 041 |
_2hin _ahin |
||
| 082 | _aO152,6N296x, M5;P6 | ||
| 100 | _aवर्मा, निर्मल | ||
| 245 | 0 | _aढलान से उतरते हुए | |
| 246 | _aḌhalān se utarate hue | ||
| 250 | _aसंस्करण 4 | ||
| 260 |
_aदिल्ली _bभारतीय ज्ञानपीठ भारत _c2006 |
||
| 300 |
_a220पृ0 _ccm. |
||
| 650 | _aहिन्दी साहित्य | ||
| 942 |
_hO152,6N296x, M5;P6 _cTEXL _2cc |
||
| 999 |
_c1012642 _d1012642 |
||